| 000 | 00574nam a2200181Ia 4500 | ||
|---|---|---|---|
| 008 | 100917s9999 xx 000 0 und d | ||
| 082 | _b49878 | ||
| 100 | _aटिळक ज. श्री. | ||
| 245 | _aअशी ही दिल्ली भा. 2 रा. | ||
| 260 |
_bकेसरी प्रकाशन _c1981 |
||
| 300 | _a503 | ||
| 365 | _b60 | ||
| 520 | _aनिबंध | ||
| 630 | _aअशी ही दिल्ली भा. 2 रा. | ||
| 650 | _aनिबंध | ||
| 730 | _aअशी ही दिल्ली भा. 2 रा. | ||
| 942 | _cBOOK | ||
| 999 |
_c655272 _d655269 |
||